[Event "Elverum Region-ch C"]
[Site "Elverum"]
[Date "2017.04.02"]
[Round "4"]
[White "Sokac, Velimir"]
[Black "Skjerve, Vemund"]
[Result "0-1"]
[WhiteElo "1120"]
[BlackElo "867"]
[PlyCount "98"]
[EventDate "2017.04.01"]
[EventType "swiss"]
[EventRounds "5"]
[EventCountry "NOR"]
[SourceTitle "EXT 2024"]
[Source "ChessBase"]
[SourceDate "2023.10.10"]
[SourceVersion "1"]
[SourceVersionDate "2023.10.10"]
[SourceQuality "1"]

1. e4 e5 2. Nf3 Nc6 3. Bc4 Nf6 4. d3 d6 5. 0-0 Bg4 6. Nc3 Nd4 7. Bg5 Ne6 8. Bxe6 Bxe6 9. h3 Qd7 10. Kh2 Be7 11. Bxf6 Bxf6 12. Qd2 a6 13. Nd5 Bxd5 14. exd5 0-0 15. Rae1 Qb5 16. c4 Qd7 17. Re4 Rae8 18. Rg4 h6 19. Qxh6 Qxg4 20. hxg4 gxh6 21. Kg3 e4 22. dxe4 Rxe4 23. b3 Be5+ 24. Nxe5 Rxe5 25. f4 Re3+ 26. Kf2 Rfe8 27. Rh1 Kg7 28. f5 f6 29. b4 R3e4 30. c5 Rxb4 31. cxd6 cxd6 32. Rc1 Re7 33. Kf3 Rbe4 34. Rc3 Rd4 35. Kg3 Rxd5 36. Rc4 Rc5 37. Rf4 Rc1 38. Rd4 Rd7 39. Kh4 d5 40. a4 Rc4 41. Rd2 Rxa4 42. Re2 d4 43. Re4 Ra3 44. g5 hxg5+ 45. Kg4 d3 46. g3 d2 47. Re1 dxe1Q 48. Kh5 Ra4 49. g4 Qh1# 0-1

[Event "Folkvang CC-ch"]
[Site "Folkvang"]
[Date "2016.??.??"]
[Round "6"]
[White "Opseth, Erik"]
[Black "Sokac, Velimir"]
[Result "0-1"]
[WhiteElo "620"]
[BlackElo "1111"]
[PlyCount "70"]
[EventDate "2016.01.27"]
[EventType "swiss"]
[EventRounds "7"]
[EventCountry "NOR"]
[SourceTitle "EXT 2024"]
[Source "ChessBase"]
[SourceDate "2023.10.10"]
[SourceVersion "1"]
[SourceVersionDate "2023.10.10"]
[SourceQuality "1"]

1. e4 c5 2. Nf3 Nc6 3. Bc4 e5 4. 0-0 Nf6 5. c3 d5 6. exd5 Nxd5 7. d3 Be6 8. Nbd2 Be7 9. Ne4 0-0 10. Qe2 f5 11. Neg5 Bxg5 12. Nxg5 Qf6 13. Nxe6 Qxe6 14. Qf3 Rad8 15. Re1 h6 16. Bd2 f4 17. Re4 Nce7 18. Bb3 Ng6 19. c4 Nf6 20. Ree1 b6 21. h3 Nh4 22. Qb7 Rf7 23. Qa6 Rxd3 24. Re2 f3 25. Bc2 fxe2 26. Bxd3 Nf3+ 27. Kh1 Nxd2 28. Bxe2 Nde4 29. Kg1 Nxf2 30. Kxf2 Ne4+ 31. Ke3 Ng3 32. Bg4 Qg6 33. Rd1 Qe4+ 34. Kd2 Rf2+ 35. Kc3 Qc2# 0-1